UBT Library

The maintenance of soil fertility, (Record no. 41926)

000 -LEADER
fixed length control field 00545cam a22002171 4500
001 - CONTROL NUMBER
control field 9683056
005 - DATE AND TIME OF LATEST TRANSACTION
control field 20180206073455.0
008 - FIXED-LENGTH DATA ELEMENTS--GENERAL INFORMATION
fixed length control field 740703s1930 xx 000 0 eng
010 ## - LIBRARY OF CONGRESS CONTROL NUMBER
LC control number 30007763
035 ## - SYSTEM CONTROL NUMBER
System control number (OCoLC)936264
040 ## - CATALOGING SOURCE
Original cataloging agency DLC
Transcribing agency OU
Modifying agency OCoLC
-- DLC
041 ## - LANGUAGE CODE
Language code of text/sound track or separate title eng
042 ## - AUTHENTICATION CODE
Authentication code premarc
080 ## - UNIVERSAL DECIMAL CLASSIFICATION NUMBER
Universal Decimal Classification number 91 THOR
082 ## - DEWEY DECIMAL CLASSIFICATION NUMBER
Classification number 91 THOR
100 1# - Rafti
Rafti 42
101 ## - Shkurtesa
Shkurtesa GJEO
245 14 - TITLE STATEMENT
Title The maintenance of soil fertility,
Statement of responsibility, etc by Charles Embree Thorne...
906 ## - LOCAL DATA ELEMENT F, LDF (RLIN)
a 7
b cbc
c oclcrpl
d u
e ncip
f 19
g y-gencatlg
942 ## - ADDED ENTRY ELEMENTS (KOHA)
Source of classification or shelving scheme
Item type Books
Holdings
Withdrawn status Lost status Source of classification or shelving scheme Damaged status Not for loan Permanent location Current location Date acquired Total Checkouts Full call number Barcode Date last seen Price effective from Koha item type
          UBT - Lipjan UBT - Lipjan 02/06/2018   91 THOR 002-2999303 02/06/2018 02/06/2018 Books
UBT Library © 2015-2024. All rights reserved University Education for Business and Technology